000 00632nam a22002297a 4500
003 UA-OsUOA
001 93928
007 ta
008 20130130b un ||||| |||| 00| 0 ukr d
100 _aВасилевська В.
090 _a821.161.1
_bВ19
942 _cBK
040 _aUA-OsUOA
_bukr
_cUA-OsUOA
_dUA-OsUOA
245 _aКрасен Дніпро за всякої погоди
_bоповідання
300 _a61 с.
955 _a3
041 _aukr
080 _a821.161.1
260 _aК.
_bДВХЛ
_c1958
650 7 _a82 Література. Літературознавство
_2UDC
999 _c380176
_d380176